000 01144cam a2200301 i 4500
001 768714001
003 CO-MdBIC
005 20231124110429.0
008 231124t1947 enk||||| |||| 00| 0 eng d
040 _bspa.
_aCO-MdFUSB
_cCO-MdFUSB
_dCO-MdFUSBC
_erda
041 _aeng
082 0 4 _aG 231.3 B17h
100 1 _aBarrett, C. K.
245 1 0 _aThe Holy Spirit and the gospel tradition / C. K. Barrett
_c/
264 1 _aLondon : SPCK
_bSPCK,
_c[1947]
264 4 _c©1947
300 _a176 páginas
_c;
336 _atexto
_btxt
_2rdacontent
337 _2rdamedia
_asin mediación
_bn
338 _2rdacarrier
_avolumen
_bnc
500 _aIncluye índices (p. 163-176)
505 0 0 _aLa concepción de Jesús por el Espíritu Santo - El bautismo de Jesús - Conflicto con los espíritus malignos - Jesús como hacedor de milagros - Jesús como profeta - Otros pasajes - Jesús y el Espíritu - El Espíritu y la iglesia - ¿Por qué los evangelios dicen tan poco acerca del Espíritu?
650 0 _aEspíritu Santo
_950
650 0 _aTeología doctrinal
_9159
_xHistoria
942 _cBK
945 _ajohan1477
999 _c46564
_d46564